000 00623nam a2200229Ia 4500
003 OSt
005 20220926044213.0
006 a|||||r|||| 00| 0
007 ta
008 220923b |||||||| |||| 00| 0 eng d
037 _cGeneral Book
040 _aRTL
_cRTL
_beng
041 _2eng
_aeng
082 _aL:523.58.N6, K9/UN
100 _aStenberg A I and others
_9348677
245 0 _aFood additive control in the USSR
260 _c1969
300 _a45p.
_ccm.
650 _aMedicine
_94387
942 _hL:523.58.N6, K9/UN
_cGB
_2CC
999 _c674241
_d674241